Srinkhal (Record no. 4358)
[ view plain ]
| 000 -LEADER | |
|---|---|
| fixed length control field | 00315nam a22001337a 4500 |
| 020 ## - INTERNATIONAL STANDARD BOOK NUMBER | |
| International Standard Book Number | NA |
| 082 ## - DEWEY DECIMAL CLASSIFICATION NUMBER | |
| Classification number | 891.451 |
| Item number | SAI |
| 100 ## - MAIN ENTRY--AUTHOR | |
| Author Name | Bhabendra Nath Saikia |
| 9 (RLIN) | 4856 |
| 245 ## - TITLE STATEMENT | |
| Title | Srinkhal |
| 260 ## - PUBLICATION, DISTRIBUTION, ETC. | |
| Place of publication, distribution, etc. | GUWAHATI |
| Name of publisher, distributor, etc. | Jyoti Prakashan |
| Date of publication, distribution, etc. | 2022 |
| 300 ## - PHYSICAL DESCRIPTION | |
| Pages | 155 |
| 365 ## - ACQUISITION DETAILS | |
| Actual Price INR (Discounted) | 160 |
| Invoice Number | UB/BL/2024-2025/605 DATED 09.01.2025 |
| 942 ## - ADDED ENTRY ELEMENTS (KOHA) | |
| Koha item type | Books |
| Not for loan | Home library | Current library | Shelving Location | Date of Acquisition | Vendor | Full call number | Accession No./ Barcode | Date last seen | Koha item type |
|---|---|---|---|---|---|---|---|---|---|
| Knowledge Management Center, NID Assam | Knowledge Management Center, NID Assam | Regional Language Section, Ground Floor | 19/02/2025 | UNIQUE BOOK | 891.451 SAI | 4314 | 19/02/2025 | Books |
